[Event "23rd ETCC Open 2021"]
[Site "Catez"]
[Date "2021.11.15"]
[Round "4.64"]
[White "Saraci, Korab"]
[Black "Kokkila, Tero"]
[Result "1-0"]
[WhiteElo "2149"]
[BlackElo "2283"]
[Annotator "NA"]
[PlyCount "77"]
[EventDate "2021.11.08"]
[EventType "team-tourn"]
[EventCountry "SLO"]
[SourceTitle "playchess.com"]
[Source "ChessBase"]
[SourceQuality "1"]
[WhiteTeam "Kosovo"]
[BlackTeam "Finland"]
[WhiteTeamCountry "KOS"]
[BlackTeamCountry "FIN"]
[TimeControl "40/5400+30:1800+30"]

1. e4 c5 2. c3 Nf6 3. e5 Nd5 4. d4 cxd4 5. Nf3 Nc6 6. cxd4 d6 7. Bc4 Nb6 8. Bb5
Bd7 9. Nc3 dxe5 10. dxe5 a6 11. Be2 Be6 12. O-O Qxd1 13. Rxd1 g6 14. Ng5 Nxe5
15. Nxe6 fxe6 16. f4 Nc6 17. Be3 Nd5 18. Nxd5 exd5 19. Rxd5 e6 20. Rd2 Bb4 21.
Rd3 Rd8 22. Rad1 Ke7 23. a3 Rxd3 24. Rxd3 Bd6 25. Bf3 Rc8 26. b4 Nd8 27. g3 Nc6
28. h4 Rd8 29. Kg2 Rd7 30. Be4 Ke8 31. Kh3 Ke7 32. h5 e5 33. hxg6 hxg6 34. f5
Nd4 35. Bg5+ Kf8 36. fxg6 Be7 37. Bh6+ Kg8 38. Rc3 Ne6 39. Bf5 1-0

[Event "23rd ETCC Open 2021"]
[Site "Catez"]
[Date "2021.11.15"]
[Round "4.65"]
[White "Subelj, Jan"]
[Black "Toczek, Grzegorz"]
[Result "1-0"]
[WhiteElo "2458"]
[BlackElo "2296"]
[Annotator "ChessBase"]
[PlyCount "95"]
[EventDate "2021.11.08"]
[EventType "team-tourn"]
[EventCountry "SLO"]
[SourceTitle "playchess.com"]
[Source "ChessBase"]
[SourceQuality "1"]
[WhiteTeam "Slovenia"]
[BlackTeam "Wales"]
[WhiteTeamCountry "SLO"]
[BlackTeamCountry "WLS"]
[TimeControl "40/5400+30:1800+30"]

1. e4 d6 2. d4 Nf6 3. Bd3 c6 4. Nf3 Bg4 5. O-O e6 6. c4 Be7 7. Nc3 a6 8. h3 Bh5
9. Ne2 c5 10. d5 exd5 11. cxd5 Bxf3 12. gxf3 O-O 13. Ng3 g6 14. a4 Nbd7 15. f4
Ne8 16. b3 Bf6 17. Ra2 Rb8 18. Re1 Bc3 19. Bd2 Bg7 20. Bf1 h5 21. Bg2 Qh4 22.
Qf3 Nc7 23. b4 b5 24. axb5 Nxb5 25. Ne2 cxb4 26. Bxb4 Nd4 27. Nxd4 Rxb4 28. Nc6
Rc4 29. Qg3 Qf6 30. e5 Qxf4 31. Qxf4 Rxf4 32. exd6 Ra8 33. Re7 Nf6 34. d7 Bf8
35. Rxa6 Bxe7 36. Nxe7+ Kg7 37. Rxa8 Nxd7 38. Ra7 Nf6 39. Nc6 Ne8 40. Nd8 Kf8
41. Rd7 Rf5 42. d6 Rf6 43. Rxf7+ Rxf7 44. Nxf7 Kxf7 45. d7 Ke7 46. dxe8=N Kxe8
47. h4 Ke7 48. Be4 1-0

[Event "23rd ETCC Open 2021"]
[Site "Catez"]
[Date "2021.11.15"]
[Round "4.66"]
[White "Pleasants, Allan J"]
[Black "Dobrovoljc, Vid"]
[Result "1/2-1/2"]
[WhiteElo "2001"]
[BlackElo "2414"]
[Annotator "ChessBase"]
[PlyCount "108"]
[EventDate "2021.11.08"]
[EventType "team-tourn"]
[EventCountry "SLO"]
[SourceTitle "playchess.com"]
[Source "ChessBase"]
[SourceQuality "1"]
[WhiteTeam "Wales"]
[BlackTeam "Slovenia"]
[WhiteTeamCountry "WLS"]
[BlackTeamCountry "SLO"]
[TimeControl "40/5400+30:1800+30"]

1. Nf3 Nf6 2. c4 e6 3. g3 d5 4. Bg2 dxc4 5. O-O c5 6. Na3 Nc6 7. Nxc4 Be7 8. b3
O-O 9. Bb2 Qc7 10. Rc1 Rd8 11. Qc2 b6 12. Qb1 Bb7 13. d4 cxd4 14. Nce5 Qd6 15.
Nxc6 Bxc6 16. Rxc6 Qxc6 17. Nxd4 Qe8 18. Bxa8 Rxa8 19. Rd1 Rc8 20. Nf3 b5 21.
Ng5 h6 22. Ne4 Nd5 23. Rc1 b4 24. Rc4 f5 25. Nd2 Nc3 26. Bxc3 bxc3 27. Rxc8
Qxc8 28. Qc2 Bf6 29. Nc4 Qc6 30. Qd3 h5 31. f3 Qc5+ 32. Kg2 Kh7 33. e3 Kh6 34.
Kf2 h4 35. Ke2 Qc7 36. Qd6 Qxd6 37. Nxd6 Kh5 38. Ne8 Be5 39. f4 c2 40. Kd2 Ba1
41. gxh4 g6 42. Kxc2 e5 43. Ng7+ Kxh4 44. Ne6 Kg4 45. Kd2 Kf3 46. b4 Bb2 47. a4
e4 48. b5 Ba3 49. Nd4+ Kf2 50. Nc2 Bd6 51. a5 Bc7 52. a6 Ba5+ 53. Kd1 Bb6 54.
Kd2 Ba5+ 1/2-1/2

[Event "23rd ETCC Open 2021"]
[Site "Catez"]
[Date "2021.11.15"]
[Round "4.67"]
[White "Tisaj, Domen"]
[Black "Davis, Lee"]
[Result "1-0"]
[WhiteElo "2369"]
[BlackElo "1972"]
[Annotator "NA"]
[PlyCount "109"]
[EventDate "2021.11.08"]
[EventType "team-tourn"]
[EventCountry "SLO"]
[SourceTitle "playchess.com"]
[Source "ChessBase"]
[SourceQuality "1"]
[WhiteTeam "Slovenia"]
[BlackTeam "Wales"]
[WhiteTeamCountry "SLO"]
[BlackTeamCountry "WLS"]
[TimeControl "40/5400+30:1800+30"]

1. d4 Nf6 2. c4 e6 3. Nc3 Bb4 4. e3 b6 5. Nge2 Bb7 6. a3 Be7 7. d5 O-O 8. e4 e5
9. g3 d6 10. Bg2 a5 11. O-O Na6 12. Rb1 Re8 13. h3 Bf8 14. b4 axb4 15. axb4 h6
16. Be3 Kh7 17. Qd3 g6 18. f4 Nd7 19. Qc2 Qe7 20. Nc1 Bg7 21. f5 g5 22. Nd3 f6
23. Ra1 Bf8 24. Ra2 Qd8 25. Rfa1 Qc8 26. Bf3 Be7 27. Qd2 Rg8 28. Bd1 Kh8 29.
Ra3 Kh7 30. R1a2 Kg7 31. Kh2 Kh7 32. Bh5 Kg7 33. Ra4 Rh8 34. Qd1 Nf8 35. Qa1
Nd7 36. Be2 h5 37. Ne1 h4 38. g4 Rd8 39. Nc2 Rh8 40. Kg2 Rd8 41. Ne1 Rh8 42.
Nf3 Rd8 43. Nd2 Rh8 44. Nd1 Rd8 45. Nb2 Kh7 46. Kf2 Bf8 47. c5 dxc5 48. Bxa6
Bxa6 49. Rxa6 Rxa6 50. Rxa6 cxb4 51. Ra7 Nc5 52. Na4 Qb8 53. Nxc5 bxc5 54. Qa5
Rd7 55. Ra8 1-0

[Event "23rd ETCC Open 2021"]
[Site "Catez"]
[Date "2021.11.15"]
[Round "4.68"]
[White "Weatherlake, John P"]
[Black "Stevanic, David"]
[Result "0-1"]
[WhiteElo "1890"]
[BlackElo "2318"]
[Annotator "NA"]
[PlyCount "32"]
[EventDate "2021.11.08"]
[EventType "team-tourn"]
[EventCountry "SLO"]
[SourceTitle "playchess.com"]
[Source "ChessBase"]
[SourceQuality "1"]
[WhiteTeam "Wales"]
[BlackTeam "Slovenia"]
[WhiteTeamCountry "WLS"]
[BlackTeamCountry "SLO"]
[TimeControl "40/5400+30:1800+30"]

1. Nf3 Nf6 2. e3 g6 3. d4 Bg7 4. c4 O-O 5. Be2 d6 6. Nc3 Nbd7 7. O-O e5 8. Qc2
Ne8 9. Rd1 f5 10. dxe5 dxe5 11. c5 c6 12. b4 Qe7 13. Nd2 Ndf6 14. f4 exf4 15.
exf4 Nd5 16. Nxd5 Qxe2 0-1

[Event "23rd ETCC Open 2021"]
[Site "Catez"]
[Date "2021.11.15"]
[Round "4.69"]
[White "Kanyamarala, Tarun"]
[Black "Dardha, Daniel"]
[Result "0-1"]
[WhiteElo "2321"]
[BlackElo "2525"]
[Annotator "ChessBase"]
[PlyCount "112"]
[EventDate "2021.11.08"]
[EventType "team-tourn"]
[EventCountry "SLO"]
[SourceTitle "playchess.com"]
[Source "ChessBase"]
[SourceQuality "1"]
[WhiteTeam "Ireland"]
[BlackTeam "Belgium"]
[WhiteTeamCountry "IRL"]
[BlackTeamCountry "BEL"]
[TimeControl "40/5400+30:1800+30"]

1. e4 c5 2. Nf3 Nc6 3. Bb5 e6 4. O-O Nge7 5. d4 cxd4 6. Nxd4 Ng6 7. Be3 Be7 8.
Be2 O-O 9. c4 Nxd4 10. Qxd4 b6 11. Qd2 Bb7 12. f3 Bc5 13. Rd1 Bc6 14. b4 Be7
15. a3 Qb8 16. Nc3 Bf6 17. Bd4 Bd8 18. Kh1 Bc7 19. Bg1 Rd8 20. Rab1 Bf4 21. Qe1
Be5 22. Bf1 h5 23. b5 Bb7 24. Na4 d6 25. Nb2 Qc7 26. Nd3 Bf6 27. a4 Rab8 28. a5
h4 29. Nf2 d5 30. exd5 exd5 31. Ng4 dxc4 32. Nxf6+ gxf6 33. axb6 axb6 34. h3
Bd5 35. Qc3 Qe5 36. Bd4 Qf5 37. Bxf6 Rd6 38. Bd4 Rbd8 39. Rbc1 Bxf3 40. gxf3
Qf4 41. Bh8 Nxh8 42. Rxd6 Rxd6 43. Bxc4 Ng6 44. Rg1 Kh7 45. Bf1 Rd2 46. Bg2 Ne5
47. Qc7 Nd3 48. Qxf4 Nxf4 49. Bf1 f5 50. Bc4 Nxh3 51. Rg8 Nf4 52. Rb8 Nh5 53.
Rb7+ Kh6 54. Rxb6+ Kg5 55. Bf7 Ng3+ 56. Kg1 h3 0-1

[Event "23rd ETCC Open 2021"]
[Site "Catez"]
[Date "2021.11.15"]
[Round "4.70"]
[White "Docx, Stefan"]
[Black "Jessel, Stephen"]
[Result "1-0"]
[WhiteElo "2432"]
[BlackElo "2297"]
[Annotator "ChessBase"]
[PlyCount "147"]
[EventDate "2021.11.08"]
[EventType "team-tourn"]
[EventCountry "SLO"]
[SourceTitle "playchess.com"]
[Source "ChessBase"]
[SourceQuality "1"]
[WhiteTeam "Belgium"]
[BlackTeam "Ireland"]
[WhiteTeamCountry "BEL"]
[BlackTeamCountry "IRL"]
[TimeControl "40/5400+30:1800+30"]

1. d4 e6 2. c4 b6 3. a3 Bb7 4. Nc3 f5 5. d5 Nf6 6. g3 Na6 7. b4 c5 8. dxc6 dxc6
9. Qxd8+ Rxd8 10. Bg2 Bd6 11. Bb2 Rd7 12. Rd1 Ke7 13. e4 c5 14. b5 Nc7 15. f4
Rhd8 16. Nh3 Nce8 17. O-O Nxe4 18. Nxe4 Bxe4 19. Bxe4 fxe4 20. Rde1 Nf6 21. Ng5
h6 22. Nxe4 Nxe4 23. Rxe4 Kf7 24. Rfe1 Re7 25. R4e2 Rdd7 26. Kg2 Bc7 27. h4 h5
28. a4 g6 29. Kf3 Rd3+ 30. Re3 Red7 31. Ke4 Rxe3+ 32. Kxe3 Bd8 33. Be5 Bf6 34.
a5 Bxe5 35. fxe5 bxa5 36. Ra1 g5 37. Rf1+ Kg7 38. hxg5 Rd4 39. Rf6 Rxc4 40.
Rxe6 Rg4 41. Ra6 Rb4 42. Rxa5 Kg6 43. e6 Kf5 44. Rxa7 Rxb5 45. e7 Rb3+ 46. Kf2
Rb8 47. Rc7 Kxg5 48. Rxc5+ Kf6 49. Rxh5 Kxe7 50. Rf5 Ke6 51. Rf4 Rb3 52. Kg2
Ke5 53. Rf8 Ke6 54. Kh3 Ke7 55. Rf4 Ke6 56. Rf1 Rb8 57. g4 Rh8+ 58. Kg3 Rg8 59.
Rf5 Rh8 60. Kf4 Rh1 61. Kg5 Rg1 62. Rf4 Rh1 63. Kg6 Ke5 64. Rf5+ Ke6 65. Rf2
Ke7 66. g5 Rg1 67. Kh6 Rh1+ 68. Kg7 Rg1 69. Re2+ Kd6 70. g6 Kd7 71. Kf7 Rf1+
72. Kg8 Rg1 73. g7 Rh1 74. Re4 1-0

[Event "23rd ETCC Open 2021"]
[Site "Catez"]
[Date "2021.11.15"]
[Round "4.71"]
[White "Nemeth, Zalan"]
[Black "Beukema, Stefan"]
[Result "1-0"]
[WhiteElo "2163"]
[BlackElo "2408"]
[Annotator "NA"]
[PlyCount "59"]
[EventDate "2021.11.08"]
[EventType "team-tourn"]
[EventCountry "SLO"]
[SourceTitle "playchess.com"]
[Source "ChessBase"]
[SourceQuality "1"]
[WhiteTeam "Ireland"]
[BlackTeam "Belgium"]
[WhiteTeamCountry "IRL"]
[BlackTeamCountry "BEL"]
[TimeControl "40/5400+30:1800+30"]

1. Nf3 d6 2. d4 f5 3. g3 Nf6 4. Bg2 g6 5. c4 Bg7 6. O-O O-O 7. Nc3 Qe8 8. d5
Na6 9. Rb1 Ng4 10. Nd4 Ne5 11. b3 Bd7 12. e4 fxe4 13. Nxe4 h6 14. Bb2 c5 15.
dxc6 bxc6 16. f4 Ng4 17. Re1 Qd8 18. Nxc6 Qb6+ 19. c5 Nxc5 20. Nxe7+ Kh7 21.
Nd5 Qb5 22. Nxd6 Qa6 23. Re7 Rg8 24. Bxg7 Rxg7 25. Rxg7+ Kxg7 26. Qd4+ Kh7 27.
Qxc5 Qd3 28. Re1 Qd2 29. Re7+ Kg8 30. Rxd7 1-0

[Event "23rd ETCC Open 2021"]
[Site "Catez"]
[Date "2021.11.15"]
[Round "4.72"]
[White "Verstraeten, Rein"]
[Black "Kanyamarala, Trisha"]
[Result "1-0"]
[WhiteElo "2386"]
[BlackElo "2089"]
[Annotator "NA"]
[PlyCount "121"]
[EventDate "2021.11.08"]
[EventType "team-tourn"]
[EventCountry "SLO"]
[SourceTitle "playchess.com"]
[Source "ChessBase"]
[SourceQuality "1"]
[WhiteTeam "Belgium"]
[BlackTeam "Ireland"]
[WhiteTeamCountry "BEL"]
[BlackTeamCountry "IRL"]
[TimeControl "40/5400+30:1800+30"]

1. d4 Nf6 2. c4 e6 3. Nf3 d5 4. g3 dxc4 5. Bg2 Nc6 6. Qa4 Bb4+ 7. Bd2 Nd5 8.
Bxb4 Ndxb4 9. O-O Rb8 10. Na3 O-O 11. Qb5 b6 12. Qxc4 Qe8 13. Ne5 Nxe5 14. Qxb4
Nd7 15. Qa4 a6 16. Bc6 Qe7 17. Rac1 Nf6 18. Nc2 e5 19. Rfd1 e4 20. Ne3 Rd8 21.
Qa3 Qxa3 22. bxa3 Bd7 23. d5 Ne8 24. Rd4 Nd6 25. g4 f6 26. a4 g6 27. Kg2 Kf8
28. Kg3 Bc8 29. Nc4 Nxc4 30. Rcxc4 f5 31. Kf4 Ke7 32. h4 Rf8 33. g5 Kd6 34. Rc1
Bb7 35. h5 Rg8 36. Rdd1 Bc8 37. Rh1 b5 38. a5 b4 39. hxg6 hxg6 40. Ba4 Bb7 41.
Rh7 Rbd8 42. Bc6 Bxc6 43. Rxc6+ Kxd5 44. Rhxc7 Rb8 45. Rc5+ Kd6 46. R7c6+ Kd7
47. Rxa6 b3 48. axb3 Rxb3 49. Ke5 Re8+ 50. Kd5 Rb7 51. Rxg6 Re7 52. Rb6 Ra7 53.
a6 Ke8 54. Rcc6 e3 55. fxe3 Rad7+ 56. Rd6 Kf7 57. Rxd7 Rxd7+ 58. Ke5 Re7+ 59.
Kxf5 Rxe3 60. Rb7+ Ke8 61. a7 1-0

[Event "23rd ETCC Open 2021"]
[Site "Catez"]
[Date "2021.11.15"]
[Round "4.73"]
[White "Gretarsson, Hjorvar Steinn"]
[Black "Nikolovski, Nikola"]
[Result "1-0"]
[WhiteElo "2574"]
[BlackElo "2401"]
[Annotator "ChessBase"]
[PlyCount "71"]
[EventDate "2021.11.08"]
[EventType "team-tourn"]
[EventCountry "SLO"]
[SourceTitle "playchess.com"]
[Source "ChessBase"]
[SourceQuality "1"]
[WhiteTeam "Iceland"]
[BlackTeam "Macedonia"]
[WhiteTeamCountry "ISL"]
[BlackTeamCountry "MKD"]
[TimeControl "40/5400+30:1800+30"]

1. d4 Nf6 2. c4 c5 3. d5 e6 4. Nc3 exd5 5. cxd5 d6 6. e4 g6 7. f4 Bg7 8. Bb5+
Nfd7 9. a4 O-O 10. Nf3 Na6 11. O-O Nb4 12. Be3 a6 13. Bc4 Nb6 14. Bb3 Bg4 15.
a5 Nd7 16. Kh1 Re8 17. h3 Bxf3 18. Qxf3 Rc8 19. e5 dxe5 20. f5 e4 21. Nxe4 Ne5
22. Qg3 Ned3 23. Bg5 f6 24. Nd6 Re5 25. Nxc8 Qxc8 26. Bd2 gxf5 27. d6+ Kh8 28.
Bc3 Re4 29. Bxb4 Nxb4 30. Rae1 Nc6 31. Bd5 Re5 32. Bxc6 bxc6 33. Rxe5 fxe5 34.
Qg5 e4 35. Qe7 Bf8 36. d7 1-0

[Event "23rd ETCC Open 2021"]
[Site "Catez"]
[Date "2021.11.15"]
[Round "4.74"]
[White "Lazov, Toni"]
[Black "Stefansson, Hannes"]
[Result "1-0"]
[WhiteElo "2393"]
[BlackElo "2519"]
[Annotator "ChessBase"]
[PlyCount "83"]
[EventDate "2021.11.08"]
[EventType "team-tourn"]
[EventCountry "SLO"]
[SourceTitle "playchess.com"]
[Source "ChessBase"]
[SourceQuality "1"]
[WhiteTeam "Macedonia"]
[BlackTeam "Iceland"]
[WhiteTeamCountry "MKD"]
[BlackTeamCountry "ISL"]
[TimeControl "40/5400+30:1800+30"]

1. e4 e5 2. Nf3 Nc6 3. Bc4 Nf6 4. d3 Bc5 5. c3 a6 6. a4 d6 7. Bg5 h6 8. Bh4 Ba7
9. Nbd2 Qe7 10. h3 g5 11. Bg3 Nh5 12. Bh2 Nf4 13. Bxf4 gxf4 14. O-O Rg8 15. Kh1
Qf6 16. Qe2 Kf8 17. b4 Nd8 18. b5 a5 19. Rac1 Bb6 20. Rc2 Ne6 21. Bxe6 Bxe6 22.
d4 exd4 23. cxd4 d5 24. Rg1 Rd8 25. e5 Qg6 26. Nb3 Qh5 27. Nc5 Bxc5 28. Rxc5
Rc8 29. Kh2 Ke7 30. Rc3 Kd7 31. Qd2 Qf5 32. Ne1 c6 33. b6 Ke7 34. Rf3 c5 35.
Rxf4 Qh5 36. dxc5 Rxc5 37. Nf3 Rc6 38. Rh4 Qg6 39. Qxa5 Qd3 40. Qb4+ Kd7 41.
Nd4 Rc4 42. Qd6+ 1-0

[Event "23rd ETCC Open 2021"]
[Site "Catez"]
[Date "2021.11.15"]
[Round "4.75"]
[White "Hjartarson, Johann"]
[Black "Risteski, Emil"]
[Result "0-1"]
[WhiteElo "2483"]
[BlackElo "2315"]
[Annotator "ChessBase"]
[PlyCount "76"]
[EventDate "2021.11.08"]
[EventType "team-tourn"]
[EventCountry "SLO"]
[SourceTitle "playchess.com"]
[Source "ChessBase"]
[SourceQuality "1"]
[WhiteTeam "Iceland"]
[BlackTeam "Macedonia"]
[WhiteTeamCountry "ISL"]
[BlackTeamCountry "MKD"]
[TimeControl "40/5400+30:1800+30"]

1. d4 Nf6 2. c4 g6 3. Nc3 Bg7 4. e4 d6 5. Be2 O-O 6. Be3 e5 7. d5 Na6 8. g4 Nc5
9. f3 a5 10. h4 h5 11. g5 Nh7 12. Nh3 f6 13. Qd2 Bxh3 14. Rxh3 fxg5 15. hxg5
Rf4 16. Rg3 b6 17. Bxf4 exf4 18. Rg2 a4 19. Rc1 Be5 20. Nb5 Nxg5 21. Kd1 Kh7
22. Kc2 Nf7 23. Rcg1 g5 24. Rh2 h4 25. Bf1 Qf6 26. Bh3 Bxb2 27. Bf5+ Kh8 28.
Qg2 Bd4 29. Rd1 Ba1 30. Kb1 a3 31. Qg4 Ra4 32. Qh5+ Kg7 33. Qg6+ Qxg6 34. Bxg6
Kxg6 35. Kxa1 Ne5 36. Rf1 Rxc4 37. Nxc7 Nxf3 38. Rhh1 Nd2 0-1

[Event "23rd ETCC Open 2021"]
[Site "Catez"]
[Date "2021.11.15"]
[Round "4.76"]
[White "Mihov, Filip"]
[Black "Kjartansson, Gudmundur"]
[Result "0-1"]
[WhiteElo "2255"]
[BlackElo "2443"]
[Annotator "NA"]
[PlyCount "92"]
[EventDate "2021.11.08"]
[EventType "team-tourn"]
[EventCountry "SLO"]
[SourceTitle "playchess.com"]
[Source "ChessBase"]
[SourceQuality "1"]
[WhiteTeam "Macedonia"]
[BlackTeam "Iceland"]
[WhiteTeamCountry "MKD"]
[BlackTeamCountry "ISL"]
[TimeControl "40/5400+30:1800+30"]

1. d4 Nf6 2. c4 e6 3. Nc3 Bb4 4. e3 O-O 5. Bd3 d5 6. a3 Bxc3+ 7. bxc3 dxc4 8.
Bxc4 c5 9. Nf3 Qc7 10. Ba2 b5 11. O-O Bb7 12. Ne5 Nbd7 13. Nxd7 Nxd7 14. Qe2 a5
15. e4 b4 16. Rd1 bxc3 17. d5 exd5 18. exd5 Nb6 19. Be3 Rfd8 20. Qh5 c4 21.
Bxb6 Qxb6 22. Rab1 Qc7 23. Rd4 c2 24. Rc1 Rxd5 25. Rxd5 Bxd5 26. Rxc2 Be6 27.
Qe2 Rc8 28. Rc3 Qc5 29. h3 Qd4 30. Qc2 g6 31. Qc1 Rd8 32. Kf1 Kg7 33. Qe1 h5
34. Qc1 Rc8 35. Kg1 Rc5 36. Kf1 Bf5 37. Kg1 Bd3 38. Qd2 Qe5 39. f4 Qd4+ 40. Kh2
Qe4 41. h4 Rf5 42. Kg3 Rxf4 43. Qxf4 Qe1+ 44. Kh2 Qxc3 45. Qc7 a4 46. Qc5 Qf6
0-1

[Event "23rd ETCC Open 2021"]
[Site "Catez"]
[Date "2021.11.16"]
[Round "5.1"]
[White "Mamedyarov, Shakhriyar"]
[Black "Grischuk, Alexander"]
[Result "1/2-1/2"]
[WhiteElo "2765"]
[BlackElo "2773"]
[Annotator "TA"]
[PlyCount "61"]
[EventDate "2021.11.08"]
[EventType "team-tourn"]
[EventCountry "SLO"]
[SourceTitle "playchess.com"]
[Source "ChessBase"]
[SourceQuality "1"]
[WhiteTeam "Azerbaijan"]
[BlackTeam "Russia"]
[WhiteTeamCountry "AZE"]
[BlackTeamCountry "RUS"]

{[%evp 23,61,1,0,0,4,4,0,0,18,0,0,0,0,0,10,0,0,10,18,0,0,0,29,0,0,0,0,0,0,0,0,
0,0,0,0,0,0,0,0,0]} 1. c4 c5 2. Nf3 Nf6 3. Nc3 Nc6 4. g3 d5 5. cxd5 Nxd5 6. Bg2
g6 7. O-O Bg7 8. d4 Nxc3 9. bxc3 cxd4 10. cxd4 Nxd4 11. Nxd4 Qxd4 12. Rb1 O-O
13. Be3 {D75: Fianchetto Grünfeld: Main Line with 7...c5.} Qc4 14. Bd5 Qa6 15.
Qb3 {[#]} Bf6 $146 ({Predecessor:} 15... Qxe2 16. Rfe1 Qa6 17. Bc5 Bf5 18. Rbd1
Bf6 19. Bxb7 Qa5 20. Bb4 Qc7 21. Bxa8 Rxa8 22. Rc1 Qd7 23. Red1 Qb7 {1/2-1/2 
(109) Vidit,S (2722)-Ding,L (2801) Kolkata 2019}) 16. Bh6 Bg7 {[%cal Rg7h6]}
17. Be3 Bf6 18. Bh6 Bg7 {[%cal Rg7h6]} 19. Bf4 Be6 20. Bxe6 fxe6 21. Qxb7 Qxe2
22. Qxe7 Rae8 23. Qxa7 (23. Qd7 {keeps more tension.} Rd8 24. Qc7 Rc8 25. Qd6
Bf6 26. Bh6) 23... Rxf4 {The position is equal.} 24. gxf4 Qg4+ {[%mdl 64] [#]
Double Attack} 25. Kh1 {Strongly threatening Qe3.} Qf3+ 26. Kg1 {aiming for
Qe3.} Qg4+ 27. Kh1 {Hoping for Qe3.} Qf3+ 28. Kg1 Qg4+ 29. Kh1 {[#] Threatens
to win with Qe3.} Qf3+ 30. Kg1 {And now Qe3 would win.} Qg4+ 31. Kh1 {An
uneventful encounter.  Weighted Error Value: White=0.06/Black=0.03} 1/2-1/2

[Event "23rd ETCC Open 2021"]
[Site "Catez"]
[Date "2021.11.16"]
[Round "5.2"]
[White "Dubov, Daniil"]
[Black "Radjabov, Teimour"]
[Result "1/2-1/2"]
[WhiteElo "2714"]
[BlackElo "2763"]
[Annotator "TA"]
[PlyCount "61"]
[EventDate "2021.11.08"]
[EventType "team-tourn"]
[EventCountry "SLO"]
[SourceTitle "playchess.com"]
[Source "ChessBase"]
[SourceQuality "1"]
[WhiteTeam "Russia"]
[BlackTeam "Azerbaijan"]
[WhiteTeamCountry "RUS"]
[BlackTeamCountry "AZE"]

{[%evp 14,61,16,19,7,16,17,12,18,21,18,1,6,-1,-1,-6,-6,-6,11,2,22,24,25,28,24,
19,31,34,33,14,23,13,27,0,4,0,0,0,0,0,0,-5,0,0,12,12,12,10,12,12]} 1. d4 Nf6 2.
c4 e6 3. Nf3 d5 4. Nc3 Be7 5. Bg5 h6 6. Bxf6 Bxf6 7. e3 O-O 8. Rc1 dxc4 {
D55: Queen's Gambit Declined: 4 Bg5 Be7: Lines without ...h6 and 6...h6 7 Bxf6.
} 9. Bxc4 Nd7 10. Ne4 c5 11. Nxf6+ Qxf6 12. O-O Rd8 13. Bb5 cxd4 14. Qxd4 Qxd4
15. Nxd4 {[#]} Nf6 $146 ({Predecessor:} 15... e5 16. Nb3 Nf6 17. Rfd1 Be6 18.
Kf1 Rxd1+ 19. Rxd1 Rc8 20. Rc1 Rxc1+ 21. Nxc1 Kf8 {0-1 (49) Radjabov,T (2763)
-Nakamura,H (2736) chess24.com INT 2021}) 16. Be2 Bd7 17. f4 Nd5 18. Kf2 Rac8
19. Bf3 Nb4 20. Ke2 Nd5 21. g3 Kf8 22. a3 Ke7 23. e4 Nc7 {The position is
equal.} 24. Ke3 Nb5 {[#] Strongly threatening ...Nxd4.} 25. Nxb5 Bxb5 26. Be2
Bxe2 27. Kxe2 f5 28. Ke3 Kf6 29. e5+ Ke7 30. h4 h5 31. Rfe1 {Weighted Error
Value: White=0.05/Black=0.04} 1/2-1/2

[Event "23rd ETCC Open 2021"]
[Site "Catez"]
[Date "2021.11.16"]
[Round "5.3"]
[White "Mamedov, Rauf"]
[Black "Alekseenko, Kirill"]
[Result "1/2-1/2"]
[WhiteElo "2673"]
[BlackElo "2710"]
[Annotator "TA"]
[PlyCount "103"]
[EventDate "2021.11.08"]
[EventType "team-tourn"]
[EventCountry "SLO"]
[SourceTitle "playchess.com"]
[Source "ChessBase"]
[SourceQuality "1"]
[WhiteTeam "Azerbaijan"]
[BlackTeam "Russia"]
[WhiteTeamCountry "AZE"]
[BlackTeamCountry "RUS"]

{[%evp 11,103,0,0,-23,0,-6,0,0,0,-7,7,27,16,13,53,51,58,16,49,0,7,4,12,18,0,0,
0,0,0,0,0,0,0,0,0,0,0,0,5,2,5,4,15,0,0,0,16,16,44,24,33,33,47,48,48,48,48,49,
49,49,49,49,49,45,76,76,76,76,76,76,76,76,76,0,0,0,76,76,76,76,76,76,76,76,76,
76,76,76,76,76,76,8,12,0]} 1. e4 e5 2. Nf3 Nc6 3. Bc4 Bc5 4. c3 Nf6 5. d4 exd4
6. cxd4 Bb4+ 7. Nbd2 {C54: Giuoco Piano: 4 c3 Nf6, main lines with 5 d4 and 5
d3.} Nxe4 8. d5 Ne7 9. O-O Bxd2 10. Nxd2 Nf6 11. Nf3 {[#]} O-O $146 ({
Predecessor:} 11... h6 12. b4 O-O 13. Bb2 Nf5 14. Qc2 Nd6 15. Bb3 b6 16. Rfe1
Bb7 17. Qd3 Re8 18. Rxe8+ Ndxe8 {1/2-1/2 (39) Nataf,I (2534)-Degraeve,J (2555)
Montpellier 2015}) 12. Bg5 d6 13. Bxf6 gxf6 14. Nd4 f5 15. Nf3 {[%mdl 1024]
White has compensation.} Ng6 16. Qd4 Re8 17. Rfe1 Bd7 18. Bd3 (18. Rxe8+ {
is more complex.} Qxe8 19. Rc1 Qe7 20. Bd3 c5 21. dxc6 Bxc6 22. Re1) 18...
Rxe1+ 19. Rxe1 c5 20. dxc6 $1 Bxc6 21. Bxf5 Bxf3 22. Bxg6 hxg6 ({Much worse is
} 22... Qg5 $6 {[#]} 23. Bxh7+ $1 {[%mdl 512]} Kxh7 24. Qd3+ Kg7 25. Qxf3 $16)
23. gxf3 $11 {[%mdl 4096] Endgame KQR-KQR} Qg5+ 24. Kf1 Rc8 25. Qxd6 Qb5+ 26.
Kg2 Qxb2 27. Qd5 b6 28. Qd7 Rf8 (28... Rc5 {keeps more tension.} 29. Re8+ Kg7
30. Qe7 Rf5 31. Qh4 Rh5) 29. Qxa7 Kg7 30. Re4 Qf6 31. Qc7 Ra8 32. Rf4 Qg5+ 33.
Kh1 Rf8 34. Qc3+ Kg8 35. Rg4 Qc5 36. Qb3 {[#] Black must now prevent Rxg6+.}
Qc6 37. h4 Rd8 38. h5 Rd6 39. Kg2 Kg7 40. h6+ Kxh6 41. Qxf7 {White threatens
Rh4+ and mate.} Rf6 42. Rh4+ (42. Qb3 {is interesting.} Rf5 43. Qe3+ Kg7 44.
Rg3 Qd6 45. Qc3+) 42... Kg5 {( -> ...Qxf3+)} 43. Rg4+ Kh6 44. Qb3 Rf5 45. Qe3+
Kg7 46. a4 Qf6 47. Qd3 Kh7 48. Qd7+ Kh6 49. Rg3 Rh5 50. Qe8 Kg7 51. f4 ({
White should try} 51. Qe4 $16) 51... Qf5 52. Qe5+ {Weighted Error Value:
White=0.09/Black=0.05} 1/2-1/2